<?xml version="1.0" encoding="UTF-8"?>
<collection xmlns="http://www.loc.gov/MARC21/slim">
 <record>
  <leader>05866nas a2200901   4500</leader>
  <controlfield tag="001">1/50089</controlfield>
  <controlfield tag="008">930920s19--9999gr anzp       0   g0gre d</controlfield>
  <datafield tag="022" ind1=" " ind2=" ">
   <subfield code="a">0069-8245</subfield>
  </datafield>
  <datafield tag="035" ind1=" " ind2=" ">
   <subfield code="l">2403</subfield>
  </datafield>
  <datafield tag="040" ind1=" " ind2=" ">
   <subfield code="a">GR-PeUP</subfield>
  </datafield>
  <datafield tag="090" ind1=" " ind2=" ">
   <subfield code="a">Αλφαβητική σειρά</subfield>
  </datafield>
  <datafield tag="245" ind1="0" ind2="0">
   <subfield code="a">Συνοπτική στατιστική επετηρίδα της Ελλάδος = concise statistical yearbook</subfield>
  </datafield>
  <datafield tag="260" ind1=" " ind2=" ">
   <subfield code="a">Αθήνα :</subfield>
   <subfield code="b">Εθνική Στατιστική Υπηρεσία της Ελλάδος,</subfield>
   <subfield code="c">[19--]-</subfield>
  </datafield>
  <datafield tag="300" ind1=" " ind2=" ">
   <subfield code="a">τ. :</subfield>
   <subfield code="b">εικ.;</subfield>
   <subfield code="c">16 εκ.</subfield>
  </datafield>
  <datafield tag="310" ind1=" " ind2=" ">
   <subfield code="a">Ετήσιο</subfield>
  </datafield>
  <datafield tag="362" ind1="0" ind2=" ">
   <subfield code="a">1962-</subfield>
  </datafield>
  <datafield tag="546" ind1=" " ind2=" ">
   <subfield code="a">Ελληνική</subfield>
  </datafield>
  <datafield tag="650" ind1=" " ind2="4">
   <subfield code="a">Στατιστική</subfield>
   <subfield code="v">Περιοδικά.</subfield>
  </datafield>
  <datafield tag="852" ind1=" " ind2=" ">
   <subfield code="a">INST</subfield>
   <subfield code="b">UNIPILB</subfield>
   <subfield code="c">SERIALS</subfield>
   <subfield code="e">20051115</subfield>
   <subfield code="h">Αλφαβητική σειρά</subfield>
   <subfield code="p">48456</subfield>
   <subfield code="q">48456</subfield>
   <subfield code="t">NOLOAN</subfield>
   <subfield code="v">(Έτος)1962:</subfield>
   <subfield code="y">23</subfield>
  </datafield>
  <datafield tag="852" ind1=" " ind2=" ">
   <subfield code="a">INST</subfield>
   <subfield code="b">UNIPILB</subfield>
   <subfield code="c">SERIALS</subfield>
   <subfield code="e">20051115</subfield>
   <subfield code="h">Αλφαβητική σειρά</subfield>
   <subfield code="p">48457</subfield>
   <subfield code="q">48457</subfield>
   <subfield code="t">NOLOAN</subfield>
   <subfield code="v">(Έτος)1965:</subfield>
   <subfield code="y">23</subfield>
  </datafield>
  <datafield tag="852" ind1=" " ind2=" ">
   <subfield code="a">INST</subfield>
   <subfield code="b">UNIPILB</subfield>
   <subfield code="c">SERIALS</subfield>
   <subfield code="e">20051115</subfield>
   <subfield code="h">Αλφαβητική σειρά</subfield>
   <subfield code="p">48458</subfield>
   <subfield code="q">48458</subfield>
   <subfield code="t">NOLOAN</subfield>
   <subfield code="v">(Έτος)1966:</subfield>
   <subfield code="y">23</subfield>
  </datafield>
  <datafield tag="852" ind1=" " ind2=" ">
   <subfield code="a">INST</subfield>
   <subfield code="b">UNIPILB</subfield>
   <subfield code="c">SERIALS</subfield>
   <subfield code="e">20051115</subfield>
   <subfield code="h">Αλφαβητική σειρά</subfield>
   <subfield code="p">48459</subfield>
   <subfield code="q">48459</subfield>
   <subfield code="t">NOLOAN</subfield>
   <subfield code="v">(Έτος)1967:</subfield>
   <subfield code="y">23</subfield>
  </datafield>
  <datafield tag="852" ind1=" " ind2=" ">
   <subfield code="a">INST</subfield>
   <subfield code="b">UNIPILB</subfield>
   <subfield code="c">SERIALS</subfield>
   <subfield code="e">20051115</subfield>
   <subfield code="h">Αλφαβητική σειρά</subfield>
   <subfield code="p">48460</subfield>
   <subfield code="q">48460</subfield>
   <subfield code="t">NOLOAN</subfield>
   <subfield code="v">(Έτος)1969:</subfield>
   <subfield code="y">23</subfield>
  </datafield>
  <datafield tag="852" ind1=" " ind2=" ">
   <subfield code="a">INST</subfield>
   <subfield code="b">UNIPILB</subfield>
   <subfield code="c">SERIALS</subfield>
   <subfield code="e">20051115</subfield>
   <subfield code="h">Αλφαβητική σειρά</subfield>
   <subfield code="p">48461</subfield>
   <subfield code="q">48461</subfield>
   <subfield code="t">NOLOAN</subfield>
   <subfield code="v">(Έτος)1972:</subfield>
   <subfield code="y">23</subfield>
  </datafield>
  <datafield tag="852" ind1=" " ind2=" ">
   <subfield code="a">INST</subfield>
   <subfield code="b">UNIPILB</subfield>
   <subfield code="c">SERIALS</subfield>
   <subfield code="e">20051115</subfield>
   <subfield code="h">Αλφαβητική σειρά</subfield>
   <subfield code="p">48462</subfield>
   <subfield code="q">48462</subfield>
   <subfield code="t">NOLOAN</subfield>
   <subfield code="v">(Έτη)1975/1976:</subfield>
   <subfield code="y">23</subfield>
  </datafield>
  <datafield tag="852" ind1=" " ind2=" ">
   <subfield code="a">INST</subfield>
   <subfield code="b">UNIPILB</subfield>
   <subfield code="c">SERIALS</subfield>
   <subfield code="e">20051115</subfield>
   <subfield code="h">Αλφαβητική σειρά</subfield>
   <subfield code="p">48463</subfield>
   <subfield code="q">48463</subfield>
   <subfield code="t">NOLOAN</subfield>
   <subfield code="v">(Έτος)1978:</subfield>
   <subfield code="y">23</subfield>
  </datafield>
  <datafield tag="852" ind1=" " ind2=" ">
   <subfield code="a">INST</subfield>
   <subfield code="b">UNIPILB</subfield>
   <subfield code="c">SERIALS</subfield>
   <subfield code="e">20051115</subfield>
   <subfield code="h">Αλφαβητική σειρά</subfield>
   <subfield code="p">48464</subfield>
   <subfield code="q">48464</subfield>
   <subfield code="t">NOLOAN</subfield>
   <subfield code="v">(Έτος)1979:</subfield>
   <subfield code="y">23</subfield>
  </datafield>
  <datafield tag="852" ind1=" " ind2=" ">
   <subfield code="a">INST</subfield>
   <subfield code="b">UNIPILB</subfield>
   <subfield code="c">SERIALS</subfield>
   <subfield code="e">20051115</subfield>
   <subfield code="h">Αλφαβητική σειρά</subfield>
   <subfield code="p">48465</subfield>
   <subfield code="q">48465</subfield>
   <subfield code="t">NOLOAN</subfield>
   <subfield code="v">(Έτος)1980:</subfield>
   <subfield code="y">23</subfield>
  </datafield>
  <datafield tag="852" ind1=" " ind2=" ">
   <subfield code="a">INST</subfield>
   <subfield code="b">UNIPILB</subfield>
   <subfield code="c">SERIALS</subfield>
   <subfield code="e">20051115</subfield>
   <subfield code="h">Αλφαβητική σειρά</subfield>
   <subfield code="p">48466</subfield>
   <subfield code="q">48466</subfield>
   <subfield code="t">NOLOAN</subfield>
   <subfield code="v">(Έτος)1982:</subfield>
   <subfield code="y">23</subfield>
  </datafield>
  <datafield tag="852" ind1=" " ind2=" ">
   <subfield code="a">INST</subfield>
   <subfield code="b">UNIPILB</subfield>
   <subfield code="c">SERIALS</subfield>
   <subfield code="e">20051115</subfield>
   <subfield code="h">Αλφαβητική σειρά</subfield>
   <subfield code="p">48467</subfield>
   <subfield code="q">48467</subfield>
   <subfield code="t">NOLOAN</subfield>
   <subfield code="v">(Έτη)1983/1984:</subfield>
   <subfield code="y">23</subfield>
  </datafield>
  <datafield tag="852" ind1=" " ind2=" ">
   <subfield code="a">INST</subfield>
   <subfield code="b">UNIPILB</subfield>
   <subfield code="c">SERIALS</subfield>
   <subfield code="e">20051115</subfield>
   <subfield code="h">Αλφαβητική σειρά</subfield>
   <subfield code="p">48468</subfield>
   <subfield code="q">48468</subfield>
   <subfield code="t">NOLOAN</subfield>
   <subfield code="v">(Έτη)1985/1986:</subfield>
   <subfield code="y">23</subfield>
  </datafield>
  <datafield tag="852" ind1=" " ind2=" ">
   <subfield code="a">INST</subfield>
   <subfield code="b">UNIPILB</subfield>
   <subfield code="c">SERIALS</subfield>
   <subfield code="e">20051115</subfield>
   <subfield code="h">Αλφαβητική σειρά</subfield>
   <subfield code="p">48469</subfield>
   <subfield code="q">48469</subfield>
   <subfield code="t">NOLOAN</subfield>
   <subfield code="v">(Έτος)1987:</subfield>
   <subfield code="y">23</subfield>
  </datafield>
  <datafield tag="852" ind1=" " ind2=" ">
   <subfield code="a">INST</subfield>
   <subfield code="b">UNIPILB</subfield>
   <subfield code="c">SERIALS</subfield>
   <subfield code="e">20051115</subfield>
   <subfield code="h">Αλφαβητική σειρά</subfield>
   <subfield code="p">48470</subfield>
   <subfield code="q">48470</subfield>
   <subfield code="t">NOLOAN</subfield>
   <subfield code="v">(Έτος)1988:</subfield>
   <subfield code="y">23</subfield>
  </datafield>
  <datafield tag="852" ind1=" " ind2=" ">
   <subfield code="a">INST</subfield>
   <subfield code="b">UNIPILB</subfield>
   <subfield code="c">SERIALS</subfield>
   <subfield code="e">20051115</subfield>
   <subfield code="h">Αλφαβητική σειρά</subfield>
   <subfield code="p">48471</subfield>
   <subfield code="q">48471</subfield>
   <subfield code="t">NOLOAN</subfield>
   <subfield code="v">(Έτος)1989:</subfield>
   <subfield code="y">23</subfield>
  </datafield>
  <datafield tag="852" ind1=" " ind2=" ">
   <subfield code="a">INST</subfield>
   <subfield code="b">UNIPILB</subfield>
   <subfield code="c">SERIALS</subfield>
   <subfield code="e">20051115</subfield>
   <subfield code="h">Αλφαβητική σειρά</subfield>
   <subfield code="p">48472</subfield>
   <subfield code="q">48472</subfield>
   <subfield code="t">NOLOAN</subfield>
   <subfield code="v">(Έτος)1991:</subfield>
   <subfield code="y">23</subfield>
  </datafield>
  <datafield tag="852" ind1=" " ind2=" ">
   <subfield code="a">INST</subfield>
   <subfield code="b">UNIPILB</subfield>
   <subfield code="c">SERIALS</subfield>
   <subfield code="e">20051115</subfield>
   <subfield code="h">Αλφαβητική σειρά</subfield>
   <subfield code="p">48473</subfield>
   <subfield code="q">48473</subfield>
   <subfield code="t">NOLOAN</subfield>
   <subfield code="v">(Έτος)1992:</subfield>
   <subfield code="y">23</subfield>
  </datafield>
  <datafield tag="852" ind1=" " ind2=" ">
   <subfield code="a">INST</subfield>
   <subfield code="b">UNIPILB</subfield>
   <subfield code="c">SERIALS</subfield>
   <subfield code="e">20051115</subfield>
   <subfield code="h">Αλφαβητική σειρά</subfield>
   <subfield code="p">48474</subfield>
   <subfield code="q">48474</subfield>
   <subfield code="t">NOLOAN</subfield>
   <subfield code="v">(Έτος)1993:</subfield>
   <subfield code="y">23</subfield>
  </datafield>
  <datafield tag="852" ind1=" " ind2=" ">
   <subfield code="a">INST</subfield>
   <subfield code="b">UNIPILB</subfield>
   <subfield code="c">SERIALS</subfield>
   <subfield code="e">20051115</subfield>
   <subfield code="h">Αλφαβητική σειρά</subfield>
   <subfield code="p">48475</subfield>
   <subfield code="q">48475</subfield>
   <subfield code="t">NOLOAN</subfield>
   <subfield code="v">(Έτος)1994:</subfield>
   <subfield code="y">23</subfield>
  </datafield>
  <datafield tag="852" ind1=" " ind2=" ">
   <subfield code="a">INST</subfield>
   <subfield code="b">UNIPILB</subfield>
   <subfield code="c">SERIALS</subfield>
   <subfield code="e">20051115</subfield>
   <subfield code="h">Αλφαβητική σειρά</subfield>
   <subfield code="p">48476</subfield>
   <subfield code="q">48476</subfield>
   <subfield code="t">NOLOAN</subfield>
   <subfield code="v">(Έτος)1995:</subfield>
   <subfield code="y">23</subfield>
  </datafield>
  <datafield tag="852" ind1=" " ind2=" ">
   <subfield code="a">INST</subfield>
   <subfield code="b">UNIPILB</subfield>
   <subfield code="c">SERIALS</subfield>
   <subfield code="e">20051115</subfield>
   <subfield code="h">Αλφαβητική σειρά</subfield>
   <subfield code="p">48477</subfield>
   <subfield code="q">48477</subfield>
   <subfield code="t">NOLOAN</subfield>
   <subfield code="v">(Έτος)1997:</subfield>
   <subfield code="y">23</subfield>
  </datafield>
  <datafield tag="852" ind1=" " ind2=" ">
   <subfield code="a">INST</subfield>
   <subfield code="b">UNIPILB</subfield>
   <subfield code="c">SERIALS</subfield>
   <subfield code="e">20051115</subfield>
   <subfield code="h">Αλφαβητική σειρά</subfield>
   <subfield code="p">48478</subfield>
   <subfield code="q">48478</subfield>
   <subfield code="t">NOLOAN</subfield>
   <subfield code="v">(Έτος)2003:</subfield>
   <subfield code="y">23</subfield>
  </datafield>
  <datafield tag="852" ind1=" " ind2=" ">
   <subfield code="a">INST</subfield>
   <subfield code="b">UNIPILB</subfield>
   <subfield code="c">SERIALS</subfield>
   <subfield code="e">20051115</subfield>
   <subfield code="h">Αλφαβητική σειρά</subfield>
   <subfield code="p">48479</subfield>
   <subfield code="q">48479</subfield>
   <subfield code="t">NOLOAN</subfield>
   <subfield code="v">(Έτος)2004:</subfield>
   <subfield code="y">23</subfield>
  </datafield>
  <datafield tag="852" ind1=" " ind2=" ">
   <subfield code="a">INST</subfield>
   <subfield code="b">UNIPILB</subfield>
   <subfield code="c">SERIALS</subfield>
   <subfield code="e">20060919</subfield>
   <subfield code="h">Αλφαβητική σειρά</subfield>
   <subfield code="p">52783</subfield>
   <subfield code="q">52783</subfield>
   <subfield code="t">NOLOAN</subfield>
   <subfield code="v">(Έτος)2005:</subfield>
   <subfield code="y">23</subfield>
  </datafield>
  <datafield tag="852" ind1=" " ind2=" ">
   <subfield code="a">INST</subfield>
   <subfield code="b">UNIPILB</subfield>
   <subfield code="c">SERIALS</subfield>
   <subfield code="e">20071019</subfield>
   <subfield code="h">Αλφαβητική σειρά</subfield>
   <subfield code="p">57650</subfield>
   <subfield code="q">57650</subfield>
   <subfield code="t">NOLOAN</subfield>
   <subfield code="v">(Έτος)2006:</subfield>
   <subfield code="y">23</subfield>
  </datafield>
  <datafield tag="852" ind1=" " ind2=" ">
   <subfield code="a">INST</subfield>
   <subfield code="b">UNIPILB</subfield>
   <subfield code="c">SERIALS</subfield>
   <subfield code="e">20090720</subfield>
   <subfield code="h">Αλφαβητική σειρά</subfield>
   <subfield code="p">64433</subfield>
   <subfield code="q">64433</subfield>
   <subfield code="t">NOLOAN</subfield>
   <subfield code="v">(Έτος)2008:</subfield>
   <subfield code="y">23</subfield>
  </datafield>
  <datafield tag="852" ind1=" " ind2=" ">
   <subfield code="a">INST</subfield>
   <subfield code="b">UNIPILB</subfield>
   <subfield code="c">SERIALS</subfield>
   <subfield code="e">20101025</subfield>
   <subfield code="h">Αλφαβητική σειρά</subfield>
   <subfield code="p">70390</subfield>
   <subfield code="q">70390</subfield>
   <subfield code="t">NOLOAN</subfield>
   <subfield code="v">(Έτος)2009:</subfield>
   <subfield code="y">23</subfield>
  </datafield>
  <datafield tag="852" ind1=" " ind2=" ">
   <subfield code="a">INST</subfield>
   <subfield code="b">UNIPILB</subfield>
   <subfield code="c">SERIALS</subfield>
   <subfield code="e">20110418</subfield>
   <subfield code="h">Αλφαβητική σειρά</subfield>
   <subfield code="p">71643</subfield>
   <subfield code="q">71643</subfield>
   <subfield code="t">NOLOAN</subfield>
   <subfield code="v">(Έτος)2007:</subfield>
   <subfield code="y">23</subfield>
  </datafield>
  <datafield tag="856" ind1="4" ind2="1">
   <subfield code="u">http://dlib.statistics.gr/portal/page/portal/ESYE/categoryyears?p_cat=10007372&amp;p_topic=10007372</subfield>
  </datafield>
  <datafield tag="900" ind1=" " ind2=" ">
   <subfield code="a">(2002)</subfield>
   <subfield code="b">Αν/μενοISS</subfield>
   <subfield code="c">18/10/2033</subfield>
  </datafield>
  <datafield tag="900" ind1=" " ind2=" ">
   <subfield code="a">(1963)</subfield>
   <subfield code="b">Οφειλόμενο</subfield>
   <subfield code="c">28/11/2005</subfield>
  </datafield>
  <datafield tag="900" ind1=" " ind2=" ">
   <subfield code="a">(1964)</subfield>
   <subfield code="b">Οφειλόμενο</subfield>
   <subfield code="c">28/11/2005</subfield>
  </datafield>
  <datafield tag="900" ind1=" " ind2=" ">
   <subfield code="a">(1968)</subfield>
   <subfield code="b">Οφειλόμενο</subfield>
   <subfield code="c">28/11/2005</subfield>
  </datafield>
  <datafield tag="900" ind1=" " ind2=" ">
   <subfield code="a">(1970)</subfield>
   <subfield code="b">Οφειλόμενο</subfield>
   <subfield code="c">28/11/2005</subfield>
  </datafield>
  <datafield tag="900" ind1=" " ind2=" ">
   <subfield code="a">(1971)</subfield>
   <subfield code="b">Οφειλόμενο</subfield>
   <subfield code="c">28/11/2005</subfield>
  </datafield>
  <datafield tag="900" ind1=" " ind2=" ">
   <subfield code="a">(1973)</subfield>
   <subfield code="b">Οφειλόμενο</subfield>
   <subfield code="c">28/11/2005</subfield>
  </datafield>
  <datafield tag="900" ind1=" " ind2=" ">
   <subfield code="a">(1974)</subfield>
   <subfield code="b">Οφειλόμενο</subfield>
   <subfield code="c">28/11/2005</subfield>
  </datafield>
  <datafield tag="900" ind1=" " ind2=" ">
   <subfield code="a">(1977)</subfield>
   <subfield code="b">Οφειλόμενο</subfield>
   <subfield code="c">13/06/2017</subfield>
  </datafield>
  <datafield tag="900" ind1=" " ind2=" ">
   <subfield code="a">(1981)</subfield>
   <subfield code="b">Οφειλόμενο</subfield>
   <subfield code="c">13/02/2019</subfield>
  </datafield>
  <datafield tag="900" ind1=" " ind2=" ">
   <subfield code="a">(1990)</subfield>
   <subfield code="b">Αν/μενοISS</subfield>
   <subfield code="c">18/10/2021</subfield>
  </datafield>
  <datafield tag="900" ind1=" " ind2=" ">
   <subfield code="a">(1996)</subfield>
   <subfield code="b">Αν/μενοISS</subfield>
   <subfield code="c">18/10/2027</subfield>
  </datafield>
  <datafield tag="900" ind1=" " ind2=" ">
   <subfield code="a">(1998)</subfield>
   <subfield code="b">Αν/μενοISS</subfield>
   <subfield code="c">18/10/2029</subfield>
  </datafield>
  <datafield tag="900" ind1=" " ind2=" ">
   <subfield code="a">(1999)</subfield>
   <subfield code="b">Αν/μενοISS</subfield>
   <subfield code="c">18/10/2030</subfield>
  </datafield>
  <datafield tag="900" ind1=" " ind2=" ">
   <subfield code="a">(2000)</subfield>
   <subfield code="b">Αν/μενοISS</subfield>
   <subfield code="c">18/10/2031</subfield>
  </datafield>
  <datafield tag="900" ind1=" " ind2=" ">
   <subfield code="a">(2001)</subfield>
   <subfield code="b">Αν/μενοISS</subfield>
   <subfield code="c">18/10/2032</subfield>
  </datafield>
  <datafield tag="950" ind1=" " ind2=" ">
   <subfield code="a">01/01/1962</subfield>
   <subfield code="c">ΔΩΡΕΑ ΠΕΡΙΟΔΙΚΩΝ</subfield>
   <subfield code="d">631</subfield>
  </datafield>
  <datafield tag="951" ind1=" " ind2=" ">
   <subfield code="a">(2003) - (2009)</subfield>
   <subfield code="b">Main run</subfield>
  </datafield>
  <datafield tag="951" ind1=" " ind2=" ">
   <subfield code="a">(1962) - (1962)</subfield>
   <subfield code="b">Main run</subfield>
  </datafield>
  <datafield tag="951" ind1=" " ind2=" ">
   <subfield code="a">(1965) - (1967)</subfield>
   <subfield code="b">Main run</subfield>
  </datafield>
  <datafield tag="951" ind1=" " ind2=" ">
   <subfield code="a">(1969)</subfield>
   <subfield code="b">Main run</subfield>
  </datafield>
  <datafield tag="951" ind1=" " ind2=" ">
   <subfield code="a">(1972)</subfield>
   <subfield code="b">Main run</subfield>
  </datafield>
  <datafield tag="951" ind1=" " ind2=" ">
   <subfield code="a">(1975/1976)</subfield>
   <subfield code="b">Main run</subfield>
  </datafield>
  <datafield tag="951" ind1=" " ind2=" ">
   <subfield code="a">(1978) - (1980)</subfield>
   <subfield code="b">Main run</subfield>
  </datafield>
  <datafield tag="951" ind1=" " ind2=" ">
   <subfield code="a">(1982)</subfield>
   <subfield code="b">Main run</subfield>
  </datafield>
  <datafield tag="951" ind1=" " ind2=" ">
   <subfield code="a">(1983/1984)</subfield>
   <subfield code="b">Main run</subfield>
  </datafield>
  <datafield tag="951" ind1=" " ind2=" ">
   <subfield code="a">(1985/1986)</subfield>
   <subfield code="b">Main run</subfield>
  </datafield>
  <datafield tag="951" ind1=" " ind2=" ">
   <subfield code="a">(1987) - (1989)</subfield>
   <subfield code="b">Main run</subfield>
  </datafield>
  <datafield tag="951" ind1=" " ind2=" ">
   <subfield code="a">(1991) - (1995)</subfield>
   <subfield code="b">Main run</subfield>
  </datafield>
  <datafield tag="951" ind1=" " ind2=" ">
   <subfield code="a">(1997)</subfield>
   <subfield code="b">Main run</subfield>
  </datafield>
 </record>
</collection>
